000 00954nam a2200265Ia 4500
003 OSt
005 20221005112810.0
006 a|||||r|||| 00| 0
007 ta
008 221004b |||||||| |||| 00| 0 pan d
020 _a788182994447 (hbk)
_cINR 425.00
024 _a66349
037 _bSP/5346, 15/02/2020, Star Publications Pvt. Ltd.
_cTextual
040 _aCRL
_cCRL
_bpan
041 _2pan
_apan
082 _aO153,3NVA1x, Q9
100 _aਵਰਮਾ, ਵੀਨਾ, ਂਚ.
245 0 _aਇਕ ਕੁੜੀ ਇਕੱਲੀ
260 _aਦਿੱਲੀ
_bਆਰਸੀ ਪਬਲੀਕੇFਨਗ਼ ਭਾਰਤ
_c2019
300 _a356ਪ੍ਰ0
_ccm.
650 _a ਪੰਜਾਬੀ ਕਹਾਣੀ
650 _aਪੰਜਾਬੀ ਸਾਹਿਤ
942 _hO153,3NVA1x, Q9
_cTEXL
_2cc
999 _c1026006
_d1026006